Mikroekonomická analýza skrytých stránek korupce

Pojem korupcia. Problematika korupcie v Čechách. Analýza korupčného kontraktu a jeho rizík. Využitie teórie redistribučných systémov a teórie kooperatívnych hier k vyjadreniu afinít (vzťahu spriaznenosti).

Saved in:
Bibliographic Details
Main Author: Valenčík, Radim
Other Authors: Wawrosz, Petr
Format: Book Chapter
Language:Czech
Subjects:
Tags: Add Tag
No Tags, Be the first to tag this record!

MARC

LEADER 00000naa a2200000 4500
001 0200299
005 20220713131150.8
041 0 |a cze 
044 |a CZ 
245 1 0 |a Mikroekonomická analýza skrytých stránek korupce  |c Radim Valenčík, Petr Wawrosz 
520 |a Pojem korupcia. Problematika korupcie v Čechách. Analýza korupčného kontraktu a jeho rizík. Využitie teórie redistribučných systémov a teórie kooperatívnych hier k vyjadreniu afinít (vzťahu spriaznenosti). 
610 2 0 |a korupcia 
610 2 0 |a teória hier 
610 2 0 |a redistribúcia 
610 2 0 |a analýza ekonomická 
610 2 0 |a Česko 
610 2 0 |a pojmy 
100 1 |a Valenčík, Radim 
700 1 |a Wawrosz, Petr